<?xml version="1.0" encoding="UTF-8"?><?xml-stylesheet type="text/xsl" href="static/style.xsl"?><OAI-PMH xmlns="http://www.openarchives.org/OAI/2.0/" xmlns:xsi="http://www.w3.org/2001/XMLSchema-instance" xsi:schemaLocation="http://www.openarchives.org/OAI/2.0/ http://www.openarchives.org/OAI/2.0/OAI-PMH.xsd"><responseDate>2026-04-29T00:27:31Z</responseDate><request verb="GetRecord" identifier="oai:repisalud.isciii.es:20.500.12105/5437" metadataPrefix="marc">https://repisalud.isciii.es/rest/oai/request</request><GetRecord><record><header><identifier>oai:repisalud.isciii.es:20.500.12105/5437</identifier><datestamp>2025-06-03T10:07:45Z</datestamp><setSpec>com_20.500.12105_2405</setSpec><setSpec>com_20.500.12105_2403</setSpec><setSpec>col_20.500.12105_2418</setSpec></header><metadata><record xmlns="http://www.loc.gov/MARC21/slim" xmlns:dcterms="http://purl.org/dc/terms/" xmlns:doc="http://www.lyncode.com/xoai" xmlns:xsi="http://www.w3.org/2001/XMLSchema-instance" xsi:schemaLocation="http://www.loc.gov/MARC21/slim http://www.loc.gov/standards/marcxml/schema/MARC21slim.xsd">
   <leader>00925njm 22002777a 4500</leader>
   <datafield ind2=" " ind1=" " tag="042">
      <subfield code="a">dc</subfield>
   </datafield>
   <datafield ind2=" " ind1=" " tag="720">
      <subfield code="a">Muñoz Carrero, Adolfo</subfield>
      <subfield code="e">author</subfield>
   </datafield>
   <datafield ind2=" " ind1=" " tag="720">
      <subfield code="a">Romero Gutiérrez, Arturo</subfield>
      <subfield code="e">author</subfield>
   </datafield>
   <datafield ind2=" " ind1=" " tag="720">
      <subfield code="a">Marco Cuenca, Gonzalo</subfield>
      <subfield code="e">author</subfield>
   </datafield>
   <datafield ind2=" " ind1=" " tag="720">
      <subfield code="a">Abad Acebedo, Icíar</subfield>
      <subfield code="e">author</subfield>
   </datafield>
   <datafield ind2=" " ind1=" " tag="720">
      <subfield code="a">Caceres Tello, Jesus</subfield>
      <subfield code="e">author</subfield>
   </datafield>
   <datafield ind2=" " ind1=" " tag="720">
      <subfield code="a">Sánchez-de-Madariaga, Ricardo</subfield>
      <subfield code="e">author</subfield>
   </datafield>
   <datafield ind2=" " ind1=" " tag="720">
      <subfield code="a">Serrano-Balazote, Pablo</subfield>
      <subfield code="e">author</subfield>
   </datafield>
   <datafield ind2=" " ind1=" " tag="720">
      <subfield code="a">Moner Cano, David</subfield>
      <subfield code="e">author</subfield>
   </datafield>
   <datafield ind2=" " ind1=" " tag="720">
      <subfield code="a">Maldonado Segura, José Alberto</subfield>
      <subfield code="e">author</subfield>
   </datafield>
   <datafield ind2=" " ind1=" " tag="260">
      <subfield code="c">2013-11</subfield>
   </datafield>
   <datafield ind2=" " ind1=" " tag="520">
      <subfield code="a">La necesidad de interoperabilidad en los sistemas públicos de salud como soporte a la continuidad asistencial está plenamente establecida desde hace ya algún tiempo y el uso de la normalización se ha situado como la principal estrategia para conseguirla. Este texto pretende ser un manual práctico para dotar a los profesionales de la salud (tanto tecnológicos como sanitarios, pues ambos están involucrados en el proceso) de las herramientas necesarias para comprender y acometer la interoperabilidad, en el más amplio sentido del término, de sus organizaciones. Respondiendo al objetivo de la practicidad, el libro está dividido en dos partes: la primera descriptiva, donde se muestran los diferentes conceptos tratados en orden creciente de complejidad (y de abstracción), y una segunda que comienza con la descripción de una metodología para dotar a las organizaciones de interoperabilidad y donde se aplican los conceptos vistos anteriormente siguiendo el orden propuesto por dicha metodología, definiendo primeramente los más abstractos y terminando por los más concretos. La introducción define los distintos tipos de interoperabilidad: técnica (que soporta la conexión física de los sistemas), sintáctica (que permite que aquellos se transfieran información), semántica (que hace que los sistemas puedan interpretar automáticamente la información recibida y actúen en onsecuencia) y organizativa (que define el contexto necesario para que las organizaciones puedan cooperar). Muestra los niveles de las organizaciones en los que aplicar los diferentes tipos de interoperabilidad y termina proponiendo una serie de normas a utilizar en cada uno de esos niveles y los profesionales que deben encargarse de estas tareas.</subfield>
   </datafield>
   <datafield ind1="8" ind2=" " tag="024">
      <subfield code="a">Manual práctico de interoperabilidad semántica para entornos sanitarios basada en arquetipos / Adolfo Muñoz Carrera...[et al.]. Madrid: ISCIII, 2013</subfield>
   </datafield>
   <datafield ind1="8" ind2=" " tag="024">
      <subfield code="a">http://hdl.handle.net/20.500.12105/5437</subfield>
   </datafield>
   <datafield ind1="8" ind2=" " tag="024">
      <subfield code="a">10.4321/repisalud.5437</subfield>
   </datafield>
   <datafield ind1="8" ind2=" " tag="024">
      <subfield code="a">725-13-011-6</subfield>
   </datafield>
   <datafield ind1="8" ind2=" " tag="024">
      <subfield code="a">725-13-012-1</subfield>
   </datafield>
   <datafield ind2="0" ind1="0" tag="245">
      <subfield code="a">Manual práctico de interoperabilidad semántica para entornos sanitarios basada en arquetipos / Adolfo Muñoz Carrera...[et al.]. Madrid: ISCIII, 2013</subfield>
   </datafield>
</record></metadata></record></GetRecord></OAI-PMH>